000 00240 a2200097 4500
001 41744
100 _aOxford
245 _aThe Compact Edition of Oxford Engine Dictionary
260 _a
_bOxford University Press
_c
090 _c25860
_d25860
942 _aNUST-CAE
_cM
_c17625
999 _c276817
_d276817